000 00875nam a2200289 i 4500
001 000011729
003 DO-SdBNP
005 20250429105821.0
007 ta
008 250429s1991 dr r 000 0 spa d
040 _aDO-SdBNP
_bspa
_cBNPHU
_erda
041 _hspa
082 4 _aRD863.44
_bA347c
_222
100 1 _aAlcántara Almánzar, José
_d1946-
_eautor
_4aut.
_97018
245 1 3 _aLa carne estremecida /
_cJosé Alcántara Almánzar.
250 _asegunda edición
264 4 _aSanto Domingo :
_bEdiciones Fundación Cultural Dominicana,
_c1991.
300 _a154 páginas ;
_c20 cm.
336 _atexto
_btxt
_2rdacontent
337 _asin mediación
_bn
_2rdamedia
338 _avolumen
_bnc
_2rdacarrier
590 _aInventariado, 2025/DG
650 4 _aCuentos dominicanos
_9176
650 4 _aLiteratura dominicana.
_967
910 _aDG
942 _2ddc
_cLBS1
999 _c58853
_d58853